|
|
|
|
| LEADER |
00000nam a2200000 a 4500 |
| 001 |
UCR7615 |
| 003 |
CL-VaPUC |
| 008 |
980519e19630000SP |||||||||||||||||spa|d |
| 082 |
0 |
4 |
|a 658
|b MAR
|2 21
|
| 100 |
|
|
|a Martin, André Louis
|e autor
|9 408935
|
| 245 |
1 |
0 |
|a Previsión económica y dirección de empresas
|
| 300 |
|
|
|a 311 p
|
| 942 |
|
|
|c BK
|
| 945 |
|
|
|d 19980519 00:00:00
|a crobeson
|
| 260 |
|
|
|a Bilbao
|b Deusto
|c 1963
|
| 650 |
|
7 |
|a PREVISION ECONOMICA
|2 CL-VaPUC
|9 358756
|
| 650 |
|
0 |
|a Administración de empresas
|9 260833
|
| 650 |
|
0 |
|a Economía
|9 255568
|
| 583 |
|
|
|a last modification
|c 19980519 00:00:00
|k Rodrigo Vera
|
| 999 |
|
|
|c 269206
|d 269204
|
| 952 |
|
|
|0 0
|1 0
|4 0
|6 658_000000000000000_MAR_1963
|7 0
|8 A
|9 302889
|a BIBGIM
|b BIBGIM
|d 2019-11-20
|i 1995723
|l 1
|o 658 MAR 1963
|p 1995723
|r 2025-01-15
|s 2023-06-07
|w 2019-11-20
|y BK
|k COM
|